00878nam a2200241Ia 4500003000400000005001700004008004100021020001500062040001800077041000800095082001900103100002600122245007200148250001200220260004900232300002900281650005300310650003600363650003000399942002700429999001900456952016100475OSt20240924100136.0210716s2009 xx 000 0 und d a8172249179 cAIMIT LIBRARY aeng a382 21bALIA aAli, Abbas J.9180040 aGlobalization of business : bpractice and theory /cBy Abbas J.Ali a1st ed. aNew Delhi :bJaico Publishing House ,c2009. axii,342p. ;bPBc24.9 cm aThe theory and practice of globalization9180041 aGlobalization discourse9180042 aGlobal leadership9180043 2ddccBKe1stk382 ALIA c208673d208673 00102ddc40708MBAaAIMITbAIMITd2014-10-08g399.00iBill no:256; Bill dt:2014-09-20l0o382 ALIApMBA11239r2026-05-23 00:00:00v319.20w2021-07-16yBK